О перспективах обогащения минерального сырья и химической активации водных суспензий электровзрывным методом; Информационные технологии неразрушающего контроля

Bibliographic Details
Parent link:Информационные технологии неразрушающего контроля.— 2015.— [С. 181-184]
Main Author: Бордунов С. В.
Corporate Author: Национальный исследовательский Томский политехнический университет (ТПУ) Институт неразрушающего контроля (ИНК) Кафедра физических методов и приборов контроля качества (ФМПК)
Other Authors: Гальцева О. В. Ольга Валерьевна
Summary:Заглавие с титульного экрана
Language:Russian
Published: 2015
Subjects:
Online Access:http://earchive.tpu.ru/handle/11683/15335
http://www.lib.tpu.ru/fulltext/c/2015/C111/037.pdf
Format: Electronic Book Chapter
KOHA link:https://koha.lib.tpu.ru/cgi-bin/koha/opac-detail.pl?biblionumber=616521

MARC

LEADER 00000naa2a2200000 4500
001 616521
005 20231219140905.0
035 |a (RuTPU)RU\TPU\conf\14759 
035 |a RU\TPU\conf\14755 
090 |a 616521 
100 |a 20151229d2015 k y0rusy50 ca 
101 0 |a rus 
102 |a RU 
105 |a y z 101zy 
135 |a drgn ---uucaa 
181 0 |a i  
182 0 |a b 
200 1 |a О перспективах обогащения минерального сырья и химической активации водных суспензий электровзрывным методом  |f С. В. Бордунов, О. В. Гальцева 
203 |a Текст  |c электронный 
300 |a Заглавие с титульного экрана 
320 |a [Библиогр.: с. 184 (7 назв.)] 
337 |a Adobe Reader 
463 0 |0 (RuTPU)RU\TPU\conf\14479  |t Информационные технологии неразрушающего контроля  |o сборник научных трудов Российской школы конференции с международным участием, Томск, 27-30 октября 2015 г.  |f Национальный исследовательский Томский политехнический университет (ТПУ)  |v [С. 181-184]  |d 2015 
610 1 |a труды учёных ТПУ 
610 1 |a электронный ресурс 
610 1 |a обогащение 
610 1 |a минеральное сырье 
610 1 |a химическая активация 
610 1 |a водные суспензии 
610 1 |a электровзрывные методы 
700 1 |a Бордунов  |b С. В. 
701 1 |a Гальцева  |b О. В.  |c специалист в области электротехники  |c доцент Томского политехнического университета, кандидат технических наук  |f 1979-  |g Ольга Валерьевна  |3 (RuTPU)RU\TPU\pers\29653  |9 14166 
712 0 2 |a Национальный исследовательский Томский политехнический университет (ТПУ)  |b Институт неразрушающего контроля (ИНК)  |b Кафедра физических методов и приборов контроля качества (ФМПК)  |3 (RuTPU)RU\TPU\col\18709 
801 2 |a RU  |b 63413507  |c 20210224  |g RCR 
856 4 |u http://earchive.tpu.ru/handle/11683/15335 
856 4 |u http://www.lib.tpu.ru/fulltext/c/2015/C111/037.pdf 
942 |c BK